[Event "Titled Tuesday intern op 7th July"]
[Site "Chess.com INT"]
[Date "2020.07.07"]
[Round "1"]
[White "Voit, Daria"]
[Black "Wanderley, Fabio Marcel Bezerr"]
[Result "1-0"]
[WhiteElo "2343"]
[BlackElo "1549"]
[PlyCount "53"]
[EventDate "2020.07.07"]
[EventType "swiss (blitz)"]
[EventRounds "10"]
[EventCountry "USA"]
[SourceTitle "CBM 197 Extra"]
[Source "ChessBase"]
[SourceDate "2020.09.30"]
[SourceVersion "1"]
[SourceVersionDate "2020.09.30"]
[SourceQuality "1"]

1. d4 Nf6 2. Nf3 e6 3. c4 d5 4. g3 c5 5. cxd5 Nxd5 6. Bg2 Be7 7. 0-0 0-0 8. e4 Nf6 9. Nc3 Nc6 10. d5 exd5 11. exd5 Nb4 12. Ne5 Bd6 13. Nc4 b6 14. a3 Na6 15. Nb5 Ne8 16. Re1 Nac7 17. Nbxd6 Nxd6 18. Nxd6 Qxd6 19. Bf4 Qg6 20. d6 Ne6 21. d7 Bxd7 22. Bxa8 Nxf4 23. Qxd7 Nh3+ 24. Qxh3 Rxa8 25. Qd7 f6 26. Qd5+ Kh8 27. Qxa8+ 1-0

[Event "Titled Tuesday intern op 7th July"]
[Site "Chess.com INT"]
[Date "2020.07.07"]
[Round "5"]
[White "Wanderley, Fabio Marcel Bezerr"]
[Black "Tarini, Goyal"]
[Result "0-1"]
[WhiteElo "1549"]
[BlackElo "2164"]
[PlyCount "52"]
[EventDate "2020.07.07"]
[EventType "swiss (blitz)"]
[EventRounds "10"]
[EventCountry "USA"]
[SourceTitle "CBM 197 Extra"]
[Source "ChessBase"]
[SourceDate "2020.09.30"]
[SourceVersion "1"]
[SourceVersionDate "2020.09.30"]
[SourceQuality "1"]

1. e4 c6 2. d4 d5 3. Nc3 dxe4 4. Nxe4 Bf5 5. Ng3 Bg6 6. h4 h6 7. h5 Bh7 8. Nf3 e6 9. Bd3 Bxd3 10. Qxd3 Nf6 11. Bf4 Bd6 12. Ne5 Bxe5 13. Bxe5 Qa5+ 14. c3 Nbd7 15. Ne4 Nxe4 16. Qxe4 Nxe5 17. dxe5 0-0-0 18. 0-0 Rd5 19. Rfe1 Rhd8 20. b4 Qa3 21. c4 Rd2 22. b5 Qc5 23. bxc6 Qxf2+ 24. Kh1 R8d4 25. cxb7+ Kb8 26. Qc6 Rh4# 0-1

[Event "Titled Tuesday intern op 30th June"]
[Site "Chess.com INT"]
[Date "2020.06.30"]
[Round "3"]
[White "Wanderley, Fabio Marcel Bezerr"]
[Black "Doshi, Moksh Amitbhai"]
[Result "0-1"]
[WhiteElo "1549"]
[BlackElo "2332"]
[PlyCount "22"]
[EventDate "2020.06.30"]
[EventType "swiss (blitz)"]
[EventRounds "10"]
[EventCountry "USA"]
[SourceTitle "CBM 197 Extra"]
[Source "ChessBase"]
[SourceDate "2020.09.30"]
[SourceVersion "1"]
[SourceVersionDate "2020.09.30"]
[SourceQuality "1"]

1. e4 c5 2. Nf3 d6 3. d4 cxd4 4. Nxd4 Nf6 5. Nc3 a6 6. Be3 e5 7. Nb3 Be6 8. Qd2 Be7 9. 0-0-0 Ng4 10. f3 Nxe3 11. Qxe3 Bg5 0-1

[Event "Titled Tuesday intern op 30th June"]
[Site "Chess.com INT"]
[Date "2020.06.30"]
[Round "6"]
[White "Wanderley, Fabio Marcel Bezerr"]
[Black "Nastore, Pavel Alexandru"]
[Result "1-0"]
[WhiteElo "1549"]
[BlackElo "2234"]
[PlyCount "75"]
[EventDate "2020.06.30"]
[EventType "swiss (blitz)"]
[EventRounds "10"]
[EventCountry "USA"]
[SourceTitle "CBM 197 Extra"]
[Source "ChessBase"]
[SourceDate "2020.09.30"]
[SourceVersion "1"]
[SourceVersionDate "2020.09.30"]
[SourceQuality "1"]

1. e4 c5 2. Nf3 d6 3. d4 cxd4 4. Nxd4 Nf6 5. Nc3 a6 6. Be3 e5 7. Nb3 Be6 8. f3 h5 9. Qd2 Nbd7 10. 0-0-0 Be7 11. Kb1 Rc8 12. Rg1 b5 13. a3 Nb6 14. Na5 Qc7 15. Bxb6 Qxb6 16. Nd5 Bxd5 17. exd5 Nxd5 18. Qxd5 Qxa5 19. Bc4 Rxc4 20. Qa8+ Qd8 21. Qxa6 Qd7 22. g4 h4 23. Qa8+ Rc8 24. Qe4 0-0 25. f4 exf4 26. Qxf4 Qc6 27. g5 Qxc2+ 28. Ka1 d5 29. Rxd5 Rc4 30. Qe5 Bc5 31. g6 Bxg1 32. gxf7+ Rxf7 33. Rd8+ Rf8 34. Qe6+ Kh7 35. Rxf8 Qg6 36. Rh8+ Kxh8 37. Qxg6 Bd4 38. Qe8+ 1-0

[Event "Titled Tuesday intern op 26th May"]
[Site "Chess.com INT"]
[Date "2020.05.26"]
[Round "9"]
[White "Pasti, Aron"]
[Black "Wanderley, Fabio Marcel Bezerr"]
[Result "1-0"]
[WhiteElo "2338"]
[BlackElo "1549"]
[PlyCount "75"]
[EventDate "2020.05.26"]
[EventType "swiss (blitz)"]
[EventRounds "10"]
[EventCountry "USA"]
[SourceTitle "CBM 196 Extra"]
[Source "ChessBase"]
[SourceDate "2020.07.31"]
[SourceVersion "1"]
[SourceVersionDate "2020.07.31"]
[SourceQuality "1"]

1. e4 c5 2. Nf3 d6 3. d4 cxd4 4. Nxd4 Nf6 5. Nc3 a6 6. h3 e6 7. g4 d5 8. Nde2 Bb4 9. Bg2 0-0 10. 0-0 Nxe4 11. Nxe4 dxe4 12. Qxd8 Rxd8 13. Bxe4 Nd7 14. c3 Nf6 15. Bg2 Be7 16. Bg5 Bd7 17. Rfd1 Bc6 18. Bxc6 bxc6 19. Nd4 Rac8 20. f3 Bc5 21. Be3 Nd5 22. Bf2 g6 23. Kh2 Bxd4 24. Rxd4 c5 25. Rd2 c4 26. Rad1 Rb8 27. Kg3 Rb7 28. b3 Rc8 29. Rc1 cxb3 30. axb3 Nxc3 31. Rxc3 Rxc3 32. Rd8+ Kg7 33. Bd4+ f6 34. Bxc3 Rxb3 35. Rd7+ Kh6 36. Bxf6 a5 37. g5+ Kh5 38. Rxh7# 1-0

[Event "Titled Tuesday intern op 26th May"]
[Site "Chess.com INT"]
[Date "2020.05.26"]
[Round "6"]
[White "Wanderley, Fabio Marcel Bezerr"]
[Black "Tarini, Goyal"]
[Result "1-0"]
[WhiteElo "1549"]
[BlackElo "2164"]
[PlyCount "81"]
[EventDate "2020.05.26"]
[EventType "swiss (blitz)"]
[EventRounds "10"]
[EventCountry "USA"]
[SourceTitle "CBM 196 Extra"]
[Source "ChessBase"]
[SourceDate "2020.07.31"]
[SourceVersion "1"]
[SourceVersionDate "2020.07.31"]
[SourceQuality "1"]

1. e4 c5 2. Nf3 Nc6 3. d4 cxd4 4. Nxd4 g6 5. c4 Bg7 6. Be3 Nf6 7. Nc3 0-0 8. Be2 d6 9. 0-0 Bd7 10. Rc1 Nxd4 11. Bxd4 Bc6 12. Bd3 a5 13. a4 Nd7 14. Bxg7 Kxg7 15. Nd5 Nc5 16. Bc2 Bxd5 17. exd5 Qb6 18. Qd4+ f6 19. Rce1 Rfe8 20. Qc3 Qb4 21. Qxb4 axb4 22. b3 Kf7 23. Re3 e5 24. dxe6+ Rxe6 25. Rxe6 Kxe6 26. Re1+ Kd7 27. f4 Re8 28. Rxe8 Kxe8 29. Kf2 Ke7 30. h4 f5 31. h5 Ke6 32. hxg6 hxg6 33. Ke3 d5 34. Kd4 b6 35. cxd5+ Kd6 36. Kc4 Nd7 37. Bd1 Nc5 38. Bf3 Nd7 39. Kxb4 Nf6 40. Kb5 Nd7 41. b4 1-0

[Event "Titled Tuesday intern op 26th May"]
[Site "Chess.com INT"]
[Date "2020.05.26"]
[Round "8"]
[White "Wanderley, Fabio Marcel Bezerr"]
[Black "Turgut, Tansel"]
[Result "0-1"]
[WhiteElo "1549"]
[BlackElo "2211"]
[PlyCount "128"]
[EventDate "2020.05.26"]
[EventType "swiss (blitz)"]
[EventRounds "10"]
[EventCountry "USA"]
[SourceTitle "CBM 196 Extra"]
[Source "ChessBase"]
[SourceDate "2020.07.31"]
[SourceVersion "1"]
[SourceVersionDate "2020.07.31"]
[SourceQuality "1"]

1. e4 e5 2. Nf3 Nf6 3. Nxe5 d6 4. Nf3 Nxe4 5. d3 Nf6 6. d4 d5 7. h3 Bd6 8. Bd3 0-0 9. 0-0 h6 10. c3 c6 11. Re1 Re8 12. Nbd2 Rxe1+ 13. Qxe1 Nbd7 14. Nf1 Nf8 15. Ne3 g6 16. Ne5 Kg7 17. Qd2 Ng8 18. N3g4 h5 19. Nh2 Qc7 20. Nhf3 f6 21. Nxg6 Nxg6 22. Bxg6 Kxg6 23. Nh4+ Kg7 24. Qe2 Qf7 25. Qf3 Bd7 26. Bf4 Bxf4 27. Qxf4 Re8 28. Nf3 Nh6 29. Qc7 Bc8 30. Qb8 a6 31. Qf4 Qg6 32. Nh4 Qg5 33. Qc7+ Nf7 34. Nf3 Qf5 35. Rd1 Re2 36. Kf1 Re4 37. Nh4 Rxh4 38. f3 Rf4 39. Kg1 h4 40. Re1 Be6 41. Rxe6 Qxe6 42. Qxf4 Qe1+ 43. Kh2 Qg3+ 44. Qxg3+ hxg3+ 45. Kxg3 Nd6 46. Kf4 Kg6 47. b3 Nb5 48. c4 dxc4 49. bxc4 Nxd4 50. Ke4 Nc2 51. Kd3 Ne1+ 52. Ke2 Nxg2 53. Kf2 Nf4 54. Ke3 Nxh3 55. a4 Kf5 56. a5 Nf4 57. Kd4 Ne6+ 58. Kc3 Kf4 59. c5 Kxf3 60. Kc4 Ke4 61. Kc3 Kd5 62. Kb4 Kd4 63. Kb3 Kxc5 64. Kc3 f5 0-1

[Event "Titled Tuesday intern op 19th May"]
[Site "Chess.com INT"]
[Date "2020.05.19"]
[Round "2"]
[White "Yashas, Devappa"]
[Black "Wanderley, Fabio Marcel Bezerr"]
[Result "1/2-1/2"]
[WhiteElo "2280"]
[BlackElo "1549"]
[PlyCount "69"]
[EventDate "2020.05.19"]
[EventType "swiss (blitz)"]
[EventRounds "10"]
[EventCountry "USA"]
[SourceTitle "EXT 2021"]
[Source "ChessBase"]
[SourceDate "2020.10.23"]
[SourceVersion "1"]
[SourceVersionDate "2020.10.23"]
[SourceQuality "1"]

1. b3 d5 2. Bb2 e6 3. e3 Nf6 4. f4 Be7 5. Nf3 c5 6. Be2 b6 7. 0-0 Bb7 8. Ne5 0-0 9. d3 Nc6 10. Nd2 Bd6 11. Qe1 d4 12. Ndc4 dxe3 13. Bf3 Bxe5 14. fxe5 Nd5 15. Nxe3 Qc7 16. Nxd5 exd5 17. Bxd5 Nd4 18. Bxb7 Qxb7 19. Bxd4 cxd4 20. Rf4 Qc7 21. Rc1 Rfe8 22. Rxd4 Rxe5 23. Re4 Rae8 24. Rxe5 Rxe5 25. Qf2 Qe7 26. h3 Re2 27. Qg3 g6 28. Kh2 Qa3 29. Qb8+ Kg7 30. Qf4 Qxa2 31. Qd4+ Kg8 32. Qd8+ Kg7 33. Qd4+ Kg8 34. Qd8+ Kg7 35. Qd4+ 1/2-1/2

[Event "Aracaju Pitanga Memorial"]
[Site "Aracaju"]
[Date "2017.08.13"]
[Round "5"]
[White "Wanderley, Fabio Marcel Bezerr"]
[Black "Smith, Victor Gabriel Rang"]
[Result "1-0"]
[WhiteElo "1800"]
[BlackElo "1772"]
[PlyCount "107"]
[EventDate "2017.08.11"]
[EventType "swiss"]
[EventRounds "5"]
[EventCountry "BRA"]
[SourceTitle "CBM 180 Extra"]
[Source "ChessBase"]
[SourceDate "2017.10.06"]
[SourceVersion "1"]
[SourceVersionDate "2017.10.06"]
[SourceQuality "1"]

1. c4 e5 2. Nc3 Nf6 3. g3 Bb4 4. Bg2 0-0 5. Nf3 Nc6 6. 0-0 e4 7. Ng5 Bxc3 8. bxc3 Re8 9. Qc2 d5 10. cxd5 Qxd5 11. d3 exd3 12. Bxd5 dxc2 13. Bxf7+ Kf8 14. Bxe8 Kxe8 15. Nf3 Bf5 16. Nh4 Bh3 17. Re1 g5 18. Bxg5 Ne4 19. Nf3 Nxc3 20. Rac1 Bf5 21. Nh4 Be6 22. Rxc2 Nxa2 23. Rb2 b6 24. Bd2 a5 25. Ra1 Nd4 26. Raxa2 Bxa2 27. Rxa2 Nxe2+ 28. Kf1 Nd4 29. Be3 Ne6 30. Nf3 b5 31. Bd2 c5 32. Rxa5 Rxa5 33. Bxa5 b4 34. Ke2 Kd7 35. Kd3 Kc6 36. Kc4 h6 37. Ne5+ Kd6 38. Nd3 Nd4 39. Nxc5 Nf3 40. Bxb4 Nxh2 41. Bd2 h5 42. Bf4+ Ke7 43. Bg5+ Kf7 44. f4 Nf3 45. Ne4 Ke6 46. Kd3 Kf5 47. Ke3 Nh2 48. Nf6 Kg6 49. Kf2 Ng4+ 50. Nxg4 hxg4 51. Ke3 Kf5 52. Kd4 Kg6 53. Ke5 Kh5 54. Bh4 1-0